| 000 | 00848nas a2200265 4500 | ||
|---|---|---|---|
| 001 | BR7700075 | ||
| 003 | BR-BrBNA | ||
| 005 | 20231205083029.0 | ||
| 007 | ta | ||
| 008 | 230509b bl.|||p| |||| 00| 00por d | ||
| 040 |
_aBR-BrBNA _bpor _cBiblioteca Nacional de Agricultura |
||
| 041 | _a(Pt) | ||
| 072 | _aH10 | ||
| 100 | 1 | _aOliveira, J.V. de | |
| 245 | 1 | _aParasitismo de Eucelatoria sp. (Diptera: Tachinidae)em lagartas do curuquere do algodoeiro, Alabana argillacea (Hueb.)em Limoeiro - Pernambuco [Brasil] | |
| 650 | _aALGODAO HERBACEO | ||
| 650 | _aINSETO PARA CONTROLE BIOLOGICO | ||
| 650 | _aLIMA | ||
| 650 | _aLAGARTA | ||
| 650 | _aCURUQUERE | ||
| 650 | _aPERNAMBUCO | ||
| 773 | 0 |
_tFitossanidade (Brazil) _xISSN 0100-4204 _g(Dec 1975), v. 1(3) p. 93 _wBR7700075 |
|
| 909 |
_a202311 _bLúcia _c55 _dLúcia Elande |
||
| 942 |
_2AGRIS _n0 _cANA |
||
| 999 |
_c95894 _d95894 |
||